| 000 | 00648nam a2200205 i 4500 | ||
|---|---|---|---|
| 005 | 20131125090732.0 | ||
| 008 | 130521s2012 gw b 001 0 eng | ||
| 020 | _a3830511922 | ||
| 020 | _a9050955746 | ||
| 020 | _a3708303717 | ||
| 041 | 0 |
_aeng _ager |
|
| 080 |
_a342.7 _x(039) |
||
| 245 | 0 | 0 |
_aUnderstanding human rights : _cedited by Wolfgang Benedek. |
| 300 |
_a410 f. ; _c23 cm. |
||
| 500 | _aPreface to the second edition: f. 5 | ||
| 500 | _aPreface to the second first edition: f. 6 | ||
| 504 | _aIncludes bibliographical references and index. | ||
| 650 | 0 | _aTë drejtat e njeriut | |
| 942 |
_2udc _cBK |
||
| 999 |
_c347 _d347 |
||